| 000 | 01437cam a2200361 i 4500 | ||
|---|---|---|---|
| 001 | 4358 | ||
| 003 | FISKH | ||
| 005 | 20240801142655.0 | ||
| 008 | 140131s2015 nyua j b 001 0beng | ||
| 010 | _a 2014004443 | ||
| 020 | _a9780531211984 (library binding : alk. paper) | ||
| 020 | _a9780531212738 (pbk. : alk. paper) | ||
| 020 | _a9780531212738 | ||
| 040 |
_aDLC _beng _cDLC _erda _dDLC |
||
| 050 | _aGV884.J36 | ||
| 082 | _a796.323092 | ||
| 100 | 1 | _aMorreale, Marie. | |
| 245 | 1 | 0 |
_aLeBron James / _cby Marie Morreale. |
| 260 |
_aNew York : _bScholastic, _c2015 |
||
| 300 |
_a48 pages : _bcolor illustrations ; _c23 cm. |
||
| 336 |
_atext _2rdacontent |
||
| 337 |
_aunmediated _2rdamedia |
||
| 338 |
_avolume _2rdacarrier |
||
| 490 | 0 | _aReal bios | |
| 504 | _aIncludes bibliographical references and index. | ||
| 520 | _aReaders will trace King James's career from his days as a high school superstar in Akron, Ohio, to his back-to-back NBA championships with the Miami Heat. They will also learn about LeBron's charitable activities off-the-court and find out what he is planning for the future. | ||
| 600 | 1 | 0 |
_aJames, LeBron _vJuvenile literature. |
| 650 | 0 |
_aBasketball players _zUnited States _vBiography _vJuvenile literature. |
|
| 650 | 0 |
_aAfrican American basketball players _vBiography _vJuvenile literature. |
|
| 906 |
_a7 _bcbc _corignew _d1 _eecip _f20 _gy-gencatlg |
||
| 942 |
_2ddc _cBK _n0 |
||
| 999 |
_c4358 _d4358 |
||